Jeux de mots : Âne - Statistiques

Statistiques générales
  • Ce quiz a été pris 110 fois
  • Le résultat moyen est 16 sur 20
Statistiques - réponses
Hint Explanation Réponse % Correct
L'âne qui se prends pour un serpent Âne Aconda (Anaconda) Aconda
95%
L'âne qui connaît tout de son corps Âne Atomie (Anatomie) Atomie
94%
L'âne qui veut être incognito Âne Onyme (Anonyme) Onyme
94%
L'âne qui n'oublie aucun jour de naissance Âne Iversaire (Anniversaire) Iversaire
89%
L'âne qui a volé le précieux de Gollum Âne Neau (Anneau) Neau
89%
L'âne qui n'est pas normal Âne Omalie (Anomalie) Omalie
89%
L'âne qui aromatise les plats Âne Eth (Aneth) Eth
88%
L'âne qui endort tout le monde Âne Esthésie (Anesthésie) Esthésie
86%
L'âne qui se prends pour une fleur Âne Émone (Anémone) Émone
85%
L'âne qui raconte pleins de détails Âne Ecdote (Anecdote) Ecdote
83%
L'âne qui se croit dans un dessin animé japonais Âne Ime (Anime) Ime
83%
L'âne qui met des objets à la mauvaise époque Âne Achronisme (Anachronisme) Achronisme
78%
L'âne qui mélange les lettres Âne Agramme (Anagramme) Agramme
78%
L'âne qui fait passer les messages publics Âne Once (Annonce) Once
78%
L'âne qui commence toutes ses phrases par le même mot Âne Aphore (Anaphore) Aphore
77%
L'âne qui manque de globules rouges Âne Émie (Anémie) Émie
77%
L'âne qui supprime tout ce qu'il prévoit Âne Ulation (Annulation) Ulation
72%
L'âne qui prends des stéroïdes Âne Abolisant (Anabolisant) Abolisant
71%
L'âne qui comprends les choses en les décomposant Âne Alyse (Analyse) Alyse
71%
L'âne qui détruit tout Âne Ihilateur (Anihilateur) Ihilateur
67%
Aucun quiz correspondant
Distribution des résultats
% des personnes avec chaque résultat
Percentile par nombre de réponses
Votre historique - résultats
Vous n’avez pas pris ce quiz